书目信息 |
| 题名: |
Adobe Premiere Pro CC 2018经典教程
|
|
| 作者: | 亚戈 著 ;巩亚萍 译 | |
| 分册: | ||
| 出版信息: | 北京 人民邮电出版社 2020.07 |
|
| 页数: | 450页 | |
| 开本: | 26cm | |
| 丛书名: | ||
| 单 册: | ||
| 中图分类: | TP317.53 | |
| 科图分类: | ||
| 主题词: | 视频编辑软件--shi pin bian ji ruan jian--教材 | |
| 电子资源: | ||
| ISBN: | 978-7-115-52702-8 | |
| 000 | 01214nam0 2200313 450 | |
| 001 | 202020139140 | |
| 005 | 20200926181339.0 | |
| 010 | @a978-7-115-52702-8@dCNY89.90 (含光盘) | |
| 010 | @a978-7-89385-336-4@b光盘 | |
| 100 | @a20200916d2020 em y0chiy50 ea | |
| 101 | 1 | @achi@ceng |
| 102 | @aCN@b110000 | |
| 105 | @aa z 000yy | |
| 106 | @ar | |
| 200 | 1 | @aAdobe Premiere Pro CC 2018经典教程@AAdobe Premiere Pro CC 2018 jing dian jiao cheng@f(英) 马克西姆·亚戈著@g巩亚萍译 |
| 210 | @a北京@c人民邮电出版社@d2020.07 | |
| 215 | @a450页@c图@d26cm@e光盘1片 | |
| 300 | @a异步图书 | |
| 306 | @a由美国Pearson Education集团授权出版 | |
| 312 | @a英文题名取自封面 | |
| 330 | @a本书共分为18课, 每课都围绕着具体的示例讲解, 步骤详细, 重点明确, 逐步指导读者进行实际操作。全面地介绍了Adobe Premiere Pro CC的操作流程, 还详细介绍了Premiere Pro CC的新功能。 | |
| 500 | 10 | @aAdobe Premiere Pro CC classroom in a book : 2018 release@mChinese |
| 606 | 0 | @a视频编辑软件@Ashi pin bian ji ruan jian@j教材 |
| 610 | 0 | @aPremiere Pro |
| 690 | @aTP317.53@v5 | |
| 701 | 1 | @a亚戈@Aya ge@g(Jago, Maxim)@4著 |
| 702 | 0 | @a巩亚萍@Agong ya ping@4译 |
| 801 | 0 | @aCN@c20200630 |
| 905 | @a河南城建学院图书馆@dTP317.53@eY017 | |
| Adobe Premiere Pro CC 2018经典教程/(英) 马克西姆·亚戈著/巩亚萍译.-北京:人民邮电出版社,2020.07 |
| 450页:图;26cm+光盘1片 |
| 异步图书 |
| ISBN 978-7-115-52702-8:CNY89.90 (含光盘) |
| 本书共分为18课, 每课都围绕着具体的示例讲解, 步骤详细, 重点明确, 逐步指导读者进行实际操作。全面地介绍了Adobe Premiere Pro CC的操作流程, 还详细介绍了Premiere Pro CC的新功能。 |
| ● |
| 相关链接 |
|
|
|
正题名:Adobe Premiere Pro CC 2018经典教程
索取号:TP317.53/Y017
 
预约/预借
| 序号 | 登录号 | 条形码 | 馆藏地/架位号 | 状态 | 备注 |
| 1 | 1488563 | 214885631 | 自科库301/301自科库 60排2列1层/ [索取号:TP317.53/Y017] | 在馆 | |
| 2 | 1488564 | 214885640 | 自科二线404/404自科库 11排3列4层/ [索取号:TP317.53/Y017] | 在馆 |